01199nam a22002775a 45000010009000000050017000090080041000260100017000670200030000840200039001140400013001530820015001662450146001812600034003273000039003614900047004005040051004476500047004986500068005456500042006137000048006557000043007039420012007469990017007589520146007751530832920080528154617.0080528s2014 nyu 000 0 eng  a 2008929912 a9783540690306 (hardcover) a9783540690337 (ebook : alk. paper) aDLCcDLC a681.2bSEN00aSensors :bAdvancements in modeling, design issues, fabrication and practical applications /c[edited by] S. C. Mukhopadhyay, R. Y. M. Huang. aNew York :bSpringer,cc2008. axx, 424 p.:bill. charts.;c24 cm.0 aLecture notes electrical engineering ;v21 aIncludes bibliographical references and index. 0aDetectors xDesign and construction.97840 0aDetectors xDesign and construction xSimulation methods.97841 0aDetectorsxMathematical models.978421 aMukhopadhyay, S. C.q(Subhas Chandra)978431 aHuang, R. Y. M. q(Ray Yeuh-Min)97844 2ddccBB c12287d12287 00102ddc40708AlahramaMAINbMAINc1STd2009-07-09epurchaseg799.00h363l1m6o681.2 SENp000017459r2025-07-15 00:00:00s2012-05-23yBB